Technical education in Bengal : (Record no. 479129)
[ view plain ]
| 000 -LEADER | |
|---|---|
| fixed length control field | 00913nam a2200265 a 4500 |
| 001 - CONTROL NUMBER | |
| control field | vtls001187155 |
| 003 - CONTROL NUMBER IDENTIFIER | |
| control field | NLI |
| 005 - DATE AND TIME OF LATEST TRANSACTION | |
| control field | 20210603154553.0 |
| 008 - FIXED-LENGTH DATA ELEMENTS--GENERAL INFORMATION | |
| fixed length control field | 120327s1886 ii f000 0 eng |
| 039 #9 - LEVEL OF BIBLIOGRAPHIC CONTROL AND CODING DETAIL [OBSOLETE] | |
| -- | 201203272300 |
| -- | VLOAD |
| 040 ## - CATALOGING SOURCE | |
| Original cataloging agency | NIL |
| Language of cataloging | eng |
| Transcribing agency | Entertech IOD - 2012 |
| Description conventions | AACR2 |
| 041 0# - LANGUAGE CODE | |
| Language code of text/sound track or separate title | eng |
| 044 ## - COUNTRY OF PUBLISHING/PRODUCING ENTITY CODE | |
| MARC country code | ii |
| 082 ## - DEWEY DECIMAL CLASSIFICATION NUMBER | |
| Classification number | 378.996(5415) |
| 110 2# - MAIN ENTRY--CORPORATE NAME | |
| Corporate name or jurisdiction name as entry element | Bengal (India, British). |
| Subordinate unit | Public Works Department |
| 9 (RLIN) | 632155 |
| 245 10 - TITLE STATEMENT | |
| Title | Technical education in Bengal : |
| Remainder of title | selected papers from the records of the Bengal secretariat, P. W. D. Dept. / |
| Statement of responsibility, etc. | P. W. D. Department, Bengal (India, British) |
| 260 ## - PUBLICATION, DISTRIBUTION, ETC. | |
| Place of publication, distribution, etc. | Calcutta : |
| Name of publisher, distributor, etc. | Bengal Secretariat Press, |
| Date of publication, distribution, etc. | 1886 |
| 300 ## - PHYSICAL DESCRIPTION | |
| Extent | 89 p. ; |
| Dimensions | 33 cm. |
| 887 ## - NON-MARC INFORMATION FIELD | |
| Content of non-MARC field | |
| 901 ## - LOCAL DATA ELEMENT A, LDA (RLIN) | |
| a | IMP115004 |
| b | 15.12.2010 |
| 902 ## - LOCAL DATA ELEMENT B, LDB (RLIN) | |
| a | G. P. 378.996(5415) B 436 pwd |
| 942 ## - ADDED ENTRY ELEMENTS (KOHA) | |
| Source of classification or shelving scheme | Dewey Decimal Classification |
| Koha item type | Books |
| 949 ## - LOCAL PROCESSING INFORMATION (OCLC) | |
| -- | VIRTUAITEM |
| -- | 10003 |
| -- | 202 |
| 6 | IODIMP115004ENG |
| e | IODIMP115004 |
| 990 ## - EQUIVALENCES OR CROSS-REFERENCES [LOCAL, CANADA] | |
| -- | S. Sahana (B-2746/6) |
| Withdrawn status | Lost status | Damaged status | Not for loan | Collection code | Home library | Current library | Shelving location | Date acquired | Total Checkouts | Full call number | Barcode | Date last seen | Price effective from | Koha item type |
|---|---|---|---|---|---|---|---|---|---|---|---|---|---|---|
| Government Publications | National Library of India | National Library of India | Annexe Reading Room & Stack Division | G. P. 378.996(5415) B 436 pwd | IODIMP115004ENG | 03/06/2021 | 03/06/2021 | Books |
